Reflections of pre-independence Malaya

Bibliographic Details
Main Author: Mohamed Abid
Format: Book
Published: Selangor : Pelanduk Publications , 2003
Subjects:

MARC

LEADER 00000cam a2200000 7i4500
001 0000015140
005 20080626.0
008 080317
020 |a 9679788652 
090 0 0 |a 595.5106   |b MOH 
100 0 |a Mohamed Abid 
245 1 0 |a Reflections of pre-independence Malaya   |c Mohamed Abid 
260 |a Selangor :   |b Pelanduk Publications ,   |c 2003 
650 0 |a Malaya   |x history   |x 1946-1957 
650 0 |a Malaya   |x Politics and government   |x 1946-1957 
650 0 |a Onn Ja'afar,Dato',1895-1962 
999 |a 0000936488   |b Book   |c Adult Collection   |e Cawangan Bandar Tenggara 
999 |a 0001016342   |b Book   |c Adult Collection   |e Cawangan Urban Transformation Centre 
999 |a 0001016343   |b Book   |c REFERENCE   |e Perbadanan Perpustakaan Awam Johor 
999 |a 0001070692   |b Book   |c Adult Collection   |e Cawangan Bandar Penawar